00229nam a22001097a 4500003000400000020001800004082001500022100001700037245003300054260002400087300000800111SGT a9781440340927 a741.2bSCU aSCULLY PETE  aCREATIVE SKETCHING WORKSHOP  aUK bNLB PUB c2015 a176